000 02013nam a2200349 i 4500
001 000015732
003 DO-SdBNP
005 20260407091419.0
007 ta
008 100217s1976 dr a 001 0 spa d
040 _aDO-SdBNP
_bspa
_cBNPHU
_erda
041 _aspa
082 4 _a338.17371
_bF372t
_222
100 1 _aFerran, Fernando I.
_eautor
_935398
_4aut.
245 1 0 _aTabaco y sociedad :
_bla organización del poder en el ecomercado del tabaco dominicano /
_cFernando I. Ferran ; presentación, José Luis Alemán.
264 _aSanto Domingo :
_bFondo para el Avance de las Ciencias Sociales ;
_bCentro de Investigación y acción Social ;
_c1976.
300 _a209 páginas :
_bilustraciones ;
_c21 cm.
336 _atexto
_btxt
_2rdacontent
337 _asin mediación
_bn
_2rdamedia
338 _avolumen
_bnc
_2rdacarrier
500 _aEsta obra es publicada dentro del programa de traducción y publicación de tesis doctorales sobre la República Dominicana del Fondo para el Avance de las Ciencias Sociales.
504 _aBibliografía: páginas 203-209.
505 _aPresentación, 13 -- Prefacio, 15 -- Introducción, 23 -- Capítulo I. Fundamentos de la industria tabacalera, 29 -- Capítulo II. Producción y exportación del tabaco dominicano, 57 -- Capítulo III. Nivel de articulación de la producción, 75 -- Capítulo IV. El nivel de articulación de los intermediarios, 113 -- Capítulo V. Nivel de articulación de la exportación, 131 -- Capítulo VI. La organización social del poder, 157 -- Capítulo VII. Consideraciones teóricas, 175 -- Apéndice, 197 --
590 _aInventariado,2018/DG
650 4 _aTabaco
_xAspectos económicos
_zRepública Dominicana
_935399
650 4 _aIndustria tabacalera
_zRepública Dominicana
_96627
650 4 _aExportaciones
_zRepública Dominicana
_919683
650 4 _aPromoción de exportación
_919684
700 1 _aAlemán, José Luis,
_epresentador
_97046
_4pr.
910 _aValidado. Control de calidad EMS
942 _2ddc
_cLBS1
999 _c15282
_d15282